| 000 | 00872nam a22003130a 4500 | ||
|---|---|---|---|
| 001 | PT47216 | ||
| 003 | AR-LpoUNG | ||
| 005 | 20210131231153.0 | ||
| 008 | 191001s2010||||ag |||||||||||||||||spa d | ||
| 020 |
_a9789871217281 _c$ |
||
| 040 |
_aAR-LpoUNG _bspa _cAR-LpoUNG _eaacr |
||
| 041 | _aspa | ||
| 044 | _aag | ||
| 082 | 0 | _a808.068 3 426cas | |
| 100 | 1 | _aCha, Bo-Geum | |
| 245 | 1 | 3 |
_aEl castillo de la bruja desordenada : _bun cuento con mucha lógica |
| 250 | _a1§ ed. | ||
| 260 |
_aBuenos Aires : _bIamiqué, _cmarzo 2010. |
||
| 300 |
_a36 p. : _bil. |
||
| 505 | 0 | _aSugerido a partir de 8 años (etiqueta CELESTE) | |
| 650 | 4 | _aCUENTOS | |
| 650 | 4 | _aLITERATURA | |
| 651 | 4 | _aDOCUMENTOS TEORICOS O METODOLOGICOS | |
| 653 | _aLITERATURA INFANTIL | ||
| 700 | 1 |
_aHong, Seong-Ji _eil. |
|
| 700 | 1 |
_aKim, Alejandro _etr. |
|
| 905 | _a47216 | ||
| 942 | _cLIB | ||
| 999 |
_c8441 _d8441 |
||